| 000 | 02246nam a2200229Ia 4500 | ||
|---|---|---|---|
| 003 | Ost | ||
| 005 | 20260507075655.0 | ||
| 008 | 260507s9999||||xx |||||||||||||| ||und|| | ||
| 040 | _cfsecg | ||
| 041 | _aara | ||
| 082 | _a304.6 | ||
| 100 |
_aعطوي، عبد الله _eمؤلف |
||
| 245 | 0 |
_aالسكان والتنمية البشرية / _c عبد الله عطوي |
|
| 260 |
_aبيروت: _bدار النهضة العربية, _c2004 |
||
| 300 |
_a1094 صفحة؛ _bإيضاحات ؛ _c24 سم |
||
| 504 | _aالمراجع ص.1079 | ||
| 520 | _aالتنمية البشرية المستدامة والأمن البشري، العولمة والتنمية البشرية، الفقر والتنمية البشرية، مصطلحات الفقر والتقدم والتحكمات، الاقتصاد الكلي والفقر، الفقر والتنمية البشرية، القضاء على الفقر، الاستهلاك والتمية البشرية، منظور الاستهلاك واتجاهاته وعلاقاته بالأمن الغذائي والمياه ونغير المناخ والتنوع الايديولوجي، الاستهلاك والتنمية البشرية، الآثار البشرية المترتبة على استهلاك الموارد الطبيعية والعمل على مواجهتها، المأة والتنمية البشرية، تمكين المرأة ذ، المرأة والتنمية والتنمية البشرية، عدم المساواة بين الجنسين في الحقوق والحماية، حقوق الانسان والتنمية البشرية، النضالات في سبل حريات الانسان، حقوق الانسان والتنمية البشرية الديمقراطية تكفل الحقوق التي تمكن الناس في الكفاح ضد الفقر، الديمقراطية والتنمية البشرية، اضفاء الطابع الديمقراطي على الأمن من أجل منع الصراعات وبناء السلام ، سياسات عامة لتحقيق أهداف التنمية البشرية. | ||
| 653 | _aالتنمية البشرية | ||
| 653 | _aالجغرافية البشرية | ||
| 653 | _aجغرافية السكان | ||
| 942 | _cكتاب | ||
| 999 |
_c45677 _d45677 |
||